| 000 | 00988ngm a22003610a 4500 | ||
|---|---|---|---|
| 001 | PT33766 | ||
| 003 | AR-LpoUNG | ||
| 005 | 20210202000435.0 | ||
| 007 | vd cvaizq | ||
| 008 | 191001s2003||||ag |||||||||||||||||spa d | ||
| 037 | _c$10 | ||
| 040 |
_aAR-LpoUNG _bspa _cAR-LpoUNG _eaacr |
||
| 041 | _aspa | ||
| 044 | _aag | ||
| 082 | 0 | _a980 59v2 | |
| 245 | 1 | 0 | _aA paso de vencedores |
| 260 |
_aBuenos Aires : _bInstrumedia - Cine Argentino, _c2003. |
||
| 300 | _aDVD (58 min.) : son., col. | ||
| 520 | _aDocumental homenaje a la obra cumbre de Jorge Abelardo Ramos: Historia de la Nación Latinoamericana | ||
| 650 | 4 | _aAMERICA LATINA | |
| 650 | 4 | _aARGENTINA | |
| 650 | 4 | _aASPECTOS POLITICOS | |
| 650 | 4 | _aHISTORIA | |
| 650 | 4 | _aHISTORIA POLITICA | |
| 650 | 4 | _aHISTORIA SOCIAL | |
| 651 | 4 | _aArgentina | |
| 653 | _aDOCUMENTALES | ||
| 653 | _aDVD | ||
| 653 | _aVIDEOS | ||
| 710 | 2 | _aInstituto Nacional de Cine y Artes audivsuales | |
| 905 | _a33766 | ||
| 942 | _cDVD | ||
| 999 |
_c54851 _d54851 |
||